000 01184cam a2200325 4500
001 ABS64266
008 010806n2001 000 0 eng u
035 _a(Sirsi) u113960
100 _aHart, D.
245 _aAlerting all property lawyers
260 _c2001
490 _aNew Law Journal
_v151(6991) 6 July 2001, 994-995(2)
520 _aExplains the statutory provisions behind "Contaminated land - the warning card" a guidance note issued by the Law Society to its members. The document provides a useful checklist of what is generally to be expected In the current climate. References.
590 _aABS
650 _aBROWNFIELD LAND
650 _aBROWNFIELD SITES
650 _aCONTAMINATED LAND
650 _aENVIRONMENTAL PROTECTION ACT 1995
650 _aENVIRONMENTAL PROTECTION ACT 1990
650 _aENVIRONMENTAL PROTECTION ACT 1990 PART IIA
650 _aGROUNDWATER REGULATIONS 1998
650 _aPOLLUTION PREVENTION AND CONTROL REGULATIONS 2000
650 _aPURCHASES
650 _aREMEDIATION
650 _aREMEDIES
650 _aSales
_96269
650 _aWATER RESOURCES ACT 1991
690 _aENVIRONMENT-CONTAMINATION
942 _n0
999 _c67911
_d67911